000 00902nam a2200229Ii 4500
003 JO-AjNU
008 230605s9999||||xx |||||||||||||| ||und||
017 _a2019/1362
020 _a978-9957-687-89-2
040 _aJO-AjNU
_bara
_erda
_cJO-AjNU
041 _aara
050 1 4 _aHF5625.A25.2020
100 3 _aالحساني، وعد هادي عبد وآخرون، م.مشارك عقيل دخيل كريم الاعاجيبي، م.مشارك محمد جمعة كريم البركي,
_eauthor
_961474
245 0 0 _aمدخل معاصر للنظرية المحاسبية
250 _aط1
264 3 1 _aعمان: دار صفاء للنشر والتوزيع، 2020
300 _a576ص
336 _atext
_btxt
_2rdacontent
337 _aunmediated
_bn
_2rdamedia
338 _avolume
_bnc
_2rdacarrier
650 4 _aالمحاسبة-تدقيق الحسابات-النظرية المحاسبية
_961475
999 _aA27789
_c31357
_d31357